Lands and peoples of Kenya Uganda and Tanzania (Record no. 211938)

MARC details
000 -LEADER
fixed length control field 00573nam a2200205Ia 4500
003 - CONTROL NUMBER IDENTIFIER
control field OSt
005 - DATE AND TIME OF LATEST TRANSACTION
control field 20251021161604.0
008 - FIXED-LENGTH DATA ELEMENTS--GENERAL INFORMATION
fixed length control field 220917b |||||||| |||| 00| 0 eng d
037 ## - SOURCE OF ACQUISITION
Terms of availability TB
040 ## - CATALOGING SOURCE
Original cataloging agency ARTS
Transcribing agency ARTS
Language of cataloging eng
041 ## - LANGUAGE CODE
Source of code eng
Language code of text/sound track or separate title eng
084 ## - COLON CLASSIFICATION NUMBER
Classification number U.6 K8
Assigning agency AL
100 ## - MAIN ENTRY--PERSONAL NAME
Personal name Grundy Kenneth
9 (RLIN) 93506
245 #0 - TITLE STATEMENT
Title Lands and peoples of Kenya Uganda and Tanzania
260 ## - PUBLICATION, DISTRIBUTION, ETC.
Place of publication, distribution, etc. London:
Name of publisher, distributor, etc. Adam and Charles Black,
Date of publication, distribution, etc. 1968.
300 ## - PHYSICAL DESCRIPTION
Extent 96p.
Dimensions cm.
650 ## - SUBJECT ADDED ENTRY--TOPICAL TERM
Topical term or geographic name entry element GEOGRAPHY
9 (RLIN) 849054
942 ## - ADDED ENTRY ELEMENTS (KOHA)
Classification part U.6 K8
Koha item type Textbook
Source of classification or shelving scheme Colon Classification (CC)
Suppress in OPAC No
Holdings
Withdrawn status Lost status Source of classification or shelving scheme Damaged status Not for loan Home library Current library Date acquired Total Checkouts Full call number Barcode Date last seen Price effective from Koha item type
    Colon Classification (CC)     Arts Library Arts Library 2022-09-18   U:6:N7 K8 AL0303363 2022-09-18 2022-09-18 Textbook
Copyright @ Delhi University Library System